Je voyage du Portugal au Danemark, nommez les pays et les lieux - Statistiques

Statistiques générales
  • Ce quiz a été pris 154 fois
  • Le résultat moyen est 5 sur 29
Answers on the Grid
Answers color-coded by a green-red scale on the quiz's grid according to % correct below.
Turquie
Berlin
Pont de l'Øresund
Pays-Bas
Danube
Scandinavie
Esbjerg
Seine
Amsterdam
Paris
Allemagne
Seeland
Copenhague
Reykjavik
Stockholm
Lettonie
Porto
Francfort
Suisse
Luxembourg
La Ruhr
Belgique
Andorre
Andorre-la-Vieille
Lisbonne
Espagne
Disneyland
Danemark
Cervin / Matterhorn
Mont Blanc
Grossglockner
Legoland Lego
Rhin
Bavière
France
Arc de Triomphe
Barcelone
Rotterdam
Keukenhof
Meuse
Rhône
Pologne
Bayern
Madrid
Tour Eiffel
République tchèque
 
Statistiques - réponses
Réponse % Correct
Espagne
44%
Berlin
43%
France
39%
Lisbonne
31%
Paris
30%
Allemagne
28%
Danemark
26%
Tour Eiffel
25%
Porto
24%
Barcelone
22%
Madrid
22%
Arc de Triomphe
18%
Copenhague
18%
Seine
18%
Pont de l'Øresund
17%
Disneyland
16%
Rhône
16%
Rhin
15%
Mont Blanc
13%
Francfort
11%
Meuse
11%
Scandinavie
11%
Legoland Lego
10%
Bavière
9%
La Ruhr
9%
Bayern
7%
Danube
7%
Seeland
6%
Esbjerg
3%
Aucun quiz correspondant
Distribution des résultats
% des personnes avec chaque résultat
Percentile par nombre de réponses
Votre historique - résultats
Vous n’avez pas pris ce quiz